[Event "BCF-chT2 1617 (4NCL) Promotion pool"]
[Site "England"]
[Date "2017.05.01"]
[Round "11.38"]
[White "Summerscale, Claire"]
[Black "Churm, Rohan"]
[Result "0-1"]
[WhiteElo "1876"]
[BlackElo "2141"]
[PlyCount "32"]
[EventDate "2016.11.19"]
[EventType "team-tourn"]
[EventRounds "11"]
[EventCountry "ENG"]
[SourceTitle "EXT 2019"]
[Source "ChessBase"]
[SourceDate "2018.10.10"]
[SourceVersion "1"]
[SourceVersionDate "2018.10.10"]
[SourceQuality "1"]
[WhiteTeam "Grantham Sharks II"]
[BlackTeam "Cambridge University"]
[WhiteTeamCountry "ENG"]
[BlackTeamCountry "ENG"]

1. d4 d5 2. Nc3 Nf6 3. Bg5 Nbd7 4. f3 c6 5. e4 dxe4 6. fxe4 e5 7. dxe5 Qa5 8. Bxf6 gxf6 9. a3 Nxe5 10. h3 Be6 11. Nf3 Bh6 12. Nxe5 Qxe5 13. Qf3 Rg8 14. g4 0-0-0 15. Bd3 Bg5 16. Qf2 c5 0-1

[Event "BCF-chT1b 1516 (4NCL)"]
[Site "England"]
[Date "2016.02.13"]
[Round "5.178"]
[White "Churm, Rohan"]
[Black "Bhatia, Kanwal K"]
[Result "1/2-1/2"]
[WhiteElo "2127"]
[BlackElo "2078"]
[PlyCount "85"]
[EventDate "2015.11.14"]
[EventType "team-swiss"]
[EventRounds "11"]
[EventCountry "ENG"]
[SourceTitle "CBM 170 Extra"]
[Source "ChessBase"]
[SourceDate "2016.02.25"]
[SourceVersion "1"]
[SourceVersionDate "2016.02.25"]
[SourceQuality "1"]
[WhiteTeam "Cambridge"]
[BlackTeam "Barbican II"]
[WhiteTeamCountry "ENG"]
[BlackTeamCountry "ENG"]

1. e4 e5 2. Nf3 Nc6 3. Bb5 a6 4. Bxc6 dxc6 5. 0-0 Bd6 6. d4 exd4 7. Qxd4 f6 8. Be3 Be6 9. Nbd2 Ne7 10. Qc3 0-0 11. Nc4 Qe8 12. Rad1 Rd8 13. Nd4 Bf7 14. Rfe1 c5 15. Ne2 b5 16. Nxd6 cxd6 17. b3 Qc6 18. f3 Rfe8 19. Nf4 b4 20. Qd2 a5 21. c4 bxc3 22. Qxc3 a4 23. bxa4 Qxa4 24. a3 Nc6 25. Nd3 Bb3 26. Ra1 c4 27. Nf4 Na7 28. Bxa7 Qxa7+ 29. Kf1 Ra8 30. Nd5 Reb8 31. Ne3 Qc5 32. Rec1 Rc8 33. Nd5 Rcb8 34. Qe3 Qa5 35. Kf2 Kh8 36. Qd4 Qa7 37. Ke3 f5 38. Qxa7 Rxa7 39. a4 fxe4 40. fxe4 Rxa4 41. Rxa4 Bxa4 42. Rxc4 Bb3 43. Rc6 1/2-1/2

[Event "BCF-chT2b 1516 (4NCL)"]
[Site "England"]
[Date "2016.01.24"]
[Round "4.7"]
[White "Russell, Christopher"]
[Black "Churm, Rohan"]
[Result "1-0"]
[WhiteElo "2088"]
[BlackElo "2138"]
[PlyCount "59"]
[EventDate "2015.11.14"]
[EventType "team-tourn"]
[EventRounds "7"]
[EventCountry "ENG"]
[SourceTitle "CBM 170 Extra"]
[Source "ChessBase"]
[SourceDate "2016.02.25"]
[SourceVersion "1"]
[SourceVersionDate "2016.02.25"]
[SourceQuality "1"]
[WhiteTeam "Downend & Fishponds"]
[BlackTeam "Cambridge II"]
[WhiteTeamCountry "ENG"]
[BlackTeamCountry "ENG"]

1. e4 e6 2. d4 d5 3. Nc3 Bb4 4. e5 c5 5. a3 Ba5 6. b4 cxd4 7. Nb5 Bc7 8. f4 Nc6 9. Nf3 Nge7 10. Bd3 Nf5 11. Bxf5 exf5 12. 0-0 Be6 13. Bb2 0-0 14. Qd3 Bb6 15. Kh1 Qd7 16. Nfxd4 Nxd4 17. Bxd4 Bxd4 18. Nxd4 Rfc8 19. Rad1 Qa4 20. Nxf5 Bxf5 21. Qxf5 Qxa3 22. Rxd5 Qxb4 23. Rd7 Qc4 24. Rfd1 b5 25. h4 a5 26. R1d5 Rf8 27. h5 h6 28. e6 fxe6 29. Rxg7+ Kxg7 30. Rd7+ 1-0

[Event "BCF-chT1d 1415 (4NCL) Demotion pool"]
[Site "England"]
[Date "2015.05.04"]
[Round "11.155"]
[White "Pert, Richard G"]
[Black "Churm, Rohan"]
[Result "1-0"]
[WhiteElo "2443"]
[BlackElo "2162"]
[PlyCount "61"]
[EventDate "2014.11.15"]
[EventType "team-tourn"]
[EventRounds "4"]
[EventCountry "ENG"]
[SourceTitle "EXT 2023"]
[Source "ChessBase"]
[SourceDate "2022.10.05"]
[SourceVersion "1"]
[SourceVersionDate "2022.10.05"]
[SourceQuality "1"]
[WhiteTeam "Wood Green"]
[BlackTeam "Cambridge"]
[WhiteTeamCountry "ENG"]
[BlackTeamCountry "ENG"]

1. e4 e6 2. d4 d5 3. Nd2 c5 4. Ngf3 Nc6 5. exd5 exd5 6. Bb5 Nf6 7. 0-0 Be7 8. dxc5 0-0 9. Nb3 Bg4 10. h3 Bxf3 11. Qxf3 Rc8 12. Bf4 Na5 13. Rfd1 Nxb3 14. axb3 Rxc5 15. Bd3 a6 16. Be5 g6 17. Re1 Rc6 18. Rad1 Qb6 19. Re2 Bc5 20. Rde1 Bd4 21. Qf4 Bxe5 22. Rxe5 Re6 23. R1e2 Qd6 24. Qd4 Rxe5 25. Rxe5 Rd8 26. b4 Ne8 27. c3 Nc7 28. Re1 Ne6 29. Qf6 Qf4 30. Rxe6 Qc1+ 31. Bf1 1-0

[Event "BCF-chT1b 1415 (4NCL)"]
[Site "England"]
[Date "2015.03.28"]
[Round "7.175"]
[White "Bremner, Adam"]
[Black "Churm, Rohan"]
[Result "1/2-1/2"]
[WhiteElo "2183"]
[BlackElo "2162"]
[PlyCount "65"]
[EventDate "2014.11.15"]
[EventType "team-swiss"]
[EventRounds "11"]
[EventCountry "ENG"]
[SourceTitle "EXT 2016"]
[Source "ChessBase"]
[SourceDate "2015.10.08"]
[SourceVersion "1"]
[SourceVersionDate "2015.10.08"]
[SourceQuality "1"]
[WhiteTeam "Grantham Sharks"]
[BlackTeam "Cambridge"]
[WhiteTeamCountry "ENG"]
[BlackTeamCountry "ENG"]

1. d4 d5 2. c4 c6 3. cxd5 cxd5 4. Bf4 Nc6 5. e3 Nf6 6. Nc3 Bf5 7. Qb3 Na5 8. Qa4+ Bd7 9. Qc2 Rc8 10. Nf3 e6 11. Bd3 a6 12. a3 Be7 13. h3 Bb5 14. Bxb5+ axb5 15. Qe2 Nc4 16. 0-0 b4 17. axb4 Bxb4 18. Na4 0-0 19. b3 Nd6 20. Rfc1 Nfe4 21. Ne1 b5 22. Bxd6 Rxc1 23. Rxc1 Nxd6 24. Nc5 Qa5 25. Ned3 Ra8 26. Qf3 Qa3 27. Rf1 Bxc5 28. Nxc5 Qb2 29. Qf4 Rd8 30. Qh4 Re8 31. Qf4 Rd8 32. Qg5 Re8 33. Qf4 1/2-1/2

[Event "BCF-chT1a 1213 (4NCL)"]
[Site "England"]
[Date "2013.03.23"]
[Round "7.144"]
[White "Jackson, James P"]
[Black "Churm, Rohan"]
[Result "1/2-1/2"]
[WhiteElo "2221"]
[BlackElo "2169"]
[PlyCount "179"]
[EventDate "2012.11.03"]
[EventType "team-tourn"]
[EventRounds "7"]
[EventCountry "ENG"]
[SourceTitle "EXT 2014"]
[Source "ChessBase"]
[SourceDate "2013.11.20"]
[SourceVersion "1"]
[SourceVersionDate "2013.11.20"]
[SourceQuality "1"]
[WhiteTeam "e2e4.org.uk"]
[BlackTeam "Cambridge"]
[WhiteTeamCountry "ENG"]
[BlackTeamCountry "ENG"]

1. e4 e6 2. d4 d5 3. Nc3 Nf6 4. Bg5 Be7 5. e5 Nfd7 6. Bxe7 Qxe7 7. f4 0-0 8. Nf3 c5 9. Nb5 Nc6 10. Bd3 f6 11. 0-0 a6 12. Nd6 cxd4 13. Qe2 Nc5 14. Rae1 Bd7 15. a3 Be8 16. Nxe8 Raxe8 17. b4 Nxd3 18. cxd3 Qc7 19. Rc1 Qb6 20. Qb2 fxe5 21. Nxe5 Nxe5 22. fxe5 Rxf1+ 23. Rxf1 Rf8 24. Rc1 h6 25. Rc5 Kh7 26. Qxd4 Rc8 27. Rxd5 Qxd4+ 28. Rxd4 Rc3 29. a4 Kg6 30. Rd7 b5 31. a5 Rb3 32. Re7 Kf5 33. Rxg7 Rxb4 34. Ra7 Ra4 35. Rxa6 Kxe5 36. Ra8 b4 37. a6 b3 38. Rb8 Rxa6 39. Rxb3 Ra2 40. Rb4 Kf5 41. Rh4 Kg5 42. Re4 Rd2 43. Re5+ Kf6 44. Re3 Kf5 45. Kf1 Kf6 46. Rg3 Kf5 47. Ke1 Ra2 48. Rf3+ Kg5 49. Rf2 Ra4 50. Ke2 Kg6 51. Ke3 Kg7 52. h3 Kg6 53. g3 Kg5 54. Rf3 Kg6 55. Rf4 Ra5 56. Ke4 Rb5 57. Rf3 Ra5 58. d4 Rb5 59. h4 Ra5 60. Rf8 Kg7 61. Rc8 Kf6 62. Rc5 Ra1 63. Rh5 Kg6 64. Re5 Kf6 65. Kf4 Ra4 66. Re4 Ra5 67. Kg4 Rd5 68. Rf4+ Kg7 69. Re4 Kf6 70. Kf3 Ra5 71. g4 Ra1 72. g5+ hxg5 73. hxg5+ Kxg5 74. Rxe6 Kf5 75. Re5+ Kf6 76. Re4 Kf5 77. Re5+ Kf6 78. Ke2 Ra3 79. Kd2 Rh3 80. Kc2 Rg3 81. Re8 Kf7 82. Re4 Rh3 83. d5 Rh5 84. Rd4 Ke7 85. Kc3 Kd6 86. Kc4 Rh1 87. Rg4 Rc1+ 88. Kd4 Rd1+ 89. Kc4 Rc1+ 90. Kd4 1/2-1/2

[Event "BCF-chT1b 1011 (4NCL)"]
[Site "England"]
[Date "2011.01.16"]
[Round "4.16"]
[White "Gayson, Peter"]
[Black "Churm, Rohan"]
[Result "1/2-1/2"]
[WhiteElo "2173"]
[BlackElo "2153"]
[PlyCount "54"]
[EventDate "2010.11.06"]
[EventType "team-tourn"]
[EventRounds "7"]
[EventCountry "ENG"]
[SourceTitle "EXT 2012"]
[Source "ChessBase"]
[SourceDate "2011.11.24"]
[SourceVersion "1"]
[SourceVersionDate "2011.11.24"]
[SourceQuality "1"]
[WhiteTeam "White Rose"]
[BlackTeam "Cambridge"]
[WhiteTeamCountry "ENG"]
[BlackTeamCountry "ENG"]

1. e4 e6 2. d4 d5 3. Nd2 Nf6 4. e5 Nfd7 5. Bd3 c5 6. c3 Nc6 7. Ne2 cxd4 8. cxd4 f6 9. exf6 Nxf6 10. Nf3 Bd6 11. 0-0 0-0 12. Bf4 Bxf4 13. Nxf4 Ne4 14. Qc1 Ng5 15. Nxg5 Qxg5 16. Ne2 Qxc1 17. Raxc1 a6 18. f4 Bd7 19. a3 Rac8 20. g3 Be8 21. Kf2 Bh5 22. Ke3 Bxe2 23. Bxe2 Kf7 24. Rc3 Ke7 25. Rfc1 Kd6 26. h4 Ne7 27. Bg4 Rxc3+ 1/2-1/2

[Event "BCF-chT1b 1011 (4NCL)"]
[Site "England"]
[Date "2010.11.07"]
[Round "2.15"]
[White "Pein, Malcolm"]
[Black "Churm, Rohan"]
[Result "1-0"]
[WhiteElo "2390"]
[BlackElo "2153"]
[PlyCount "63"]
[EventDate "2010.11.06"]
[EventType "team-tourn"]
[EventRounds "7"]
[EventCountry "ENG"]
[SourceTitle "CBM 139 Extra"]
[Source "ChessBase"]
[SourceDate "2011.01.05"]
[SourceVersion "1"]
[SourceVersionDate "2011.01.05"]
[SourceQuality "1"]
[WhiteTeam "Hilsmark Kingfisher"]
[BlackTeam "Cambridge"]
[WhiteTeamCountry "ENG"]
[BlackTeamCountry "ENG"]

1. d4 d5 2. Nf3 Nf6 3. c4 c6 4. Qc2 e6 5. Bg5 h6 6. Bxf6 Qxf6 7. Nbd2 Nd7 8. e3 Bd6 9. Be2 0-0 10. 0-0 e5 11. cxd5 cxd5 12. dxe5 Nxe5 13. Nd4 Nc6 14. N2f3 Bg4 15. Rfd1 Rfd8 16. Qb3 Bxf3 17. Bxf3 Be5 18. Ne2 Ne7 19. Bxd5 Nxd5 20. Rxd5 Rxd5 21. Qxd5 Rd8 22. Qxb7 Rd2 23. Qc8+ Kh7 24. Qc4 Rxb2 25. Rd1 g6 26. f4 Bd6 27. Ng3 Rb4 28. Qd5 Be7 29. f5 Kg7 30. fxg6 fxg6 31. Rf1 Qd6 32. Qf7+ 1-0

[Event "BCF-chT1a 0910 (4NCL)"]
[Site "England"]
[Date "2009.10.24"]
[Round "1.6"]
[White "Churm, Rohan"]
[Black "Hunt, Harriet"]
[Result "0-1"]
[WhiteElo "2167"]
[BlackElo "2452"]
[PlyCount "72"]
[EventDate "2009.10.24"]
[EventType "team-tourn"]
[EventRounds "7"]
[EventCountry "ENG"]
[SourceTitle "EXT 2011"]
[Source "ChessBase"]
[SourceDate "2010.11.26"]
[SourceVersion "1"]
[SourceVersionDate "2010.11.26"]
[SourceQuality "1"]
[WhiteTeam "Cambridge University"]
[BlackTeam "Pride and Prejudice"]
[WhiteTeamCountry "ENG"]
[BlackTeamCountry "ENG"]

1. e4 c5 2. Nc3 a6 3. g3 b5 4. Bg2 Bb7 5. d3 e6 6. Nf3 d6 7. a3 Nf6 8. 0-0 Be7 9. Re1 0-0 10. h3 Nbd7 11. Qe2 Re8 12. g4 Nf8 13. Bf4 e5 14. Bg3 Ne6 15. Qd2 Rc8 16. Ne2 Nd7 17. Rad1 Qb6 18. c3 c4 19. Nc1 Ndc5 20. Bf1 h6 21. Qc2 cxd3 22. Bxd3 Bg5 23. Nd2 Bf4 24. Nf1 Ng5 25. Kg2 d5 26. f3 Qf6 27. Bxf4 Qxf4 28. Nd2 Nxf3 29. Nxf3 dxe4 30. Bxe4 Nxe4 31. Ne2 Qf6 32. Rf1 Ng5 33. Neg1 Rcd8 34. Qf5 Qxf5 35. gxf5 Nxf3 36. Nxf3 e4 0-1

[Event "BCF-chT1d 0809 (4NCL) Demotion pool"]
[Site "England"]
[Date "2009.05.04"]
[Round "11.5"]
[White "Churm, Rohan"]
[Black "Hodgson, John H"]
[Result "0-1"]
[WhiteElo "2178"]
[BlackElo "2185"]
[PlyCount "108"]
[EventDate "2008.10.04"]
[EventType "team-tourn"]
[EventRounds "4"]
[EventCountry "ENG"]
[SourceTitle "EXT 2010"]
[Source "ChessBase"]
[SourceDate "2010.11.25"]
[SourceVersion "1"]
[SourceVersionDate "2010.11.25"]
[SourceQuality "1"]
[WhiteTeam "Cambridge"]
[BlackTeam "Barbican II"]
[WhiteTeamCountry "ENG"]
[BlackTeamCountry "ENG"]

1. e4 c5 2. Nc3 Nc6 3. g3 g6 4. Bg2 Bg7 5. d3 d6 6. Be3 Rb8 7. Qd2 b5 8. Nge2 Nd4 9. 0-0 b4 10. Nd1 e5 11. Nc1 Ne7 12. c3 bxc3 13. bxc3 Ne6 14. Nb3 f5 15. f3 0-0 16. c4 fxe4 17. fxe4 Rxf1+ 18. Kxf1 Nd4 19. Nc3 Rxb3 20. axb3 Nxb3 21. Qa2 Nxa1 22. Qxa1 Qf8+ 23. Ke1 Bh6 24. Bxh6 Qxh6 25. Qxa7 Qe3+ 26. Ne2 Bg4 27. Bf1 Kf7 28. Qa3 Nc6 29. Qc1 Qxd3 30. Nc3 Nb4 31. Bxd3 Nxd3+ 32. Kd2 Nxc1 33. Kxc1 Be6 34. Nb5 Ke7 35. Na3 Bd7 36. Kd2 Bc6 37. Kd3 Kd7 38. Nc2 Kc7 39. Ne3 Kb6 40. Ng4 Ka5 41. Nf6 h5 42. Kc3 Ka4 43. h4 Ka3 44. Nh7 Bxe4 45. Ng5 d5 46. cxd5 Bxd5 47. Nh7 Be6 48. Nf8 Bf5 49. Nh7 e4 50. Ng5 Ka2 51. Kc4 Kb2 52. Kxc5 Kc3 53. Kd5 e3 54. Nf3 e2 0-1

[Event "BCF-chT1a 0809 (4NCL)"]
[Site "England"]
[Date "2009.01.17"]
[Round "5.7"]
[White "Churm, Rohan"]
[Black "Berry, Neil"]
[Result "0-1"]
[WhiteElo "2192"]
[BlackElo "2317"]
[PlyCount "108"]
[EventDate "2008.10.04"]
[EventType "team-tourn"]
[EventRounds "7"]
[EventCountry "ENG"]
[SourceTitle "EXT 2010"]
[Source "ChessBase"]
[SourceDate "2010.11.25"]
[SourceVersion "1"]
[SourceVersionDate "2010.11.25"]
[SourceQuality "1"]
[WhiteTeam "Cambridge"]
[BlackTeam "Barbican"]
[WhiteTeamCountry "ENG"]
[BlackTeamCountry "ENG"]

1. e4 e6 2. d4 d5 3. Nd2 Nc6 4. Ngf3 Nf6 5. e5 Nd7 6. Be2 f6 7. exf6 Qxf6 8. Nf1 Bd6 9. Bg5 Qf7 10. Ne3 0-0 11. Bh4 Qh5 12. 0-0 Nf6 13. Bg3 Ne4 14. Nd2 Qg5 15. Nxe4 dxe4 16. c3 Ne7 17. Qc2 Qg6 18. Nc4 Nf5 19. Ne5 Bxe5 20. Bxe5 Nd6 21. f3 exf3 22. Qxg6 hxg6 23. Rxf3 Rxf3 24. gxf3 Bd7 25. Kf2 Rf8 26. Rg1 Be8 27. Bd3 Kh7 28. h4 Kh6 29. f4 Nf5 30. Bxc7 Bc6 31. Re1 Bd7 32. Rh1 Bc6 33. Rh2 Rc8 34. Be5 Bd5 35. a3 Rc6 36. Ke1 Ne3 37. Kd2 Nc4+ 38. Kc1 Ne3 39. Be2 Nf5 40. h5 g5 41. Bd3 g4 42. Re2 g3 43. Kd2 Kxh5 44. Re1 Kg4 45. Be2+ Bf3 46. Bd3 Rc8 47. d5 Bxd5 48. Bxf5+ exf5 49. Ke3 Rh8 50. c4 Bxc4 51. Bxg7 Rh2 52. Rg1 Rf2 53. Bd4 Rf3+ 54. Kd2 Rd3+ 0-1

[Event "BCF-chT1a 0809 (4NCL)"]
[Site "England"]
[Date "2008.12.06"]
[Round "3.6"]
[White "Tissir, Mohamed"]
[Black "Churm, Rohan"]
[Result "1-0"]
[WhiteElo "2463"]
[BlackElo "2207"]
[PlyCount "101"]
[EventDate "2008.10.04"]
[EventType "team-tourn"]
[EventRounds "7"]
[EventCountry "ENG"]
[SourceTitle "CBM 127 Extra"]
[Source "ChessBase"]
[SourceDate "2009.01.08"]
[SourceVersion "2"]
[SourceVersionDate "2009.01.28"]
[SourceQuality "1"]
[WhiteTeam "Guildford II"]
[BlackTeam "Cambridge"]
[WhiteTeamCountry "ENG"]
[BlackTeamCountry "ENG"]

1. e4 e6 2. d4 d5 3. Nd2 Nf6 4. e5 Nfd7 5. Bd3 c5 6. c3 Nc6 7. Ne2 cxd4 8. cxd4 f6 9. exf6 Nxf6 10. Nf3 Bd6 11. 0-0 0-0 12. Bf4 Bxf4 13. Nxf4 Ne4 14. Qc1 Ng5 15. Nxg5 Qxg5 16. Ne2 Qxc1 17. Raxc1 a6 18. Rc5 Bd7 19. a3 Na7 20. Rfc1 Bb5 21. R1c3 Bxd3 22. Rxd3 Rac8 23. Re3 Nb5 24. Kf1 Rce8 25. f3 Nd6 26. b3 Re7 27. a4 Kf7 28. g4 Ke8 29. Kg2 Kd7 30. Rec3 Rc8 31. Nf4 Rxc5 32. dxc5 Nf7 33. b4 Ne5 34. Re3 Nc4 35. Re1 d4 36. Nd3 e5 37. Rc1 Ne3+ 38. Kf2 Kc6 39. b5+ axb5 40. Nb4+ Kc7 41. axb5 Rd7 42. b6+ Kb8 43. c6 Rd6 44. Ra1 Nd5 45. Ra7 Nxb6 46. Rxb7+ Kc8 47. Rxb6 d3 48. Ke1 e4 49. Na6 d2+ 50. Kd1 e3 51. Rb8# 1-0

[Event "BCF-chT 0708 (4NCL)"]
[Site "Sunningdale"]
[Date "2008.05.03"]
[Round "9.4"]
[White "Coates, Kenneth G"]
[Black "Churm, Rohan"]
[Result "0-1"]
[WhiteElo "2234"]
[BlackElo "2196"]
[PlyCount "138"]
[EventDate "2007.09.15"]
[EventType "team-tourn"]
[EventRounds "11"]
[EventCountry "ENG"]
[SourceTitle "EXT 2008"]
[Source "ChessBase"]
[SourceDate "2007.11.25"]
[SourceVersion "1"]
[SourceVersionDate "2007.11.25"]
[SourceQuality "1"]
[WhiteTeam "North West Eagles"]
[BlackTeam "Cambridge"]
[WhiteTeamCountry "ENG"]
[BlackTeamCountry "ENG"]

1. e4 e6 2. d4 d5 3. exd5 exd5 4. Bd3 Bd6 5. Qf3 Nc6 6. c3 Nf6 7. h3 h6 8. Ne2 Ne7 9. Bf4 Ng6 10. Bxg6 fxg6 11. Qg3 Bf5 12. Bxd6 Qxd6 13. Qxd6 cxd6 14. Nd2 g5 15. 0-0 Kd7 16. Rfe1 Rhe8 17. Ng3 Bg6 18. Ndf1 Rxe1 19. Rxe1 Re8 20. Rxe8 Nxe8 21. Ne3 Ke6 22. f3 Nf6 23. Kf2 Bb1 24. a3 Nd7 25. Ne2 Nb6 26. b3 a5 27. a4 Ba2 28. Nc1 Bb1 29. Ke2 Nc8 30. Kd2 Ne7 31. Nd3 Kd7 32. b4 axb4 33. Nxb4 Ke6 34. a5 Bg6 35. Kc1 Be8 36. Kb2 Bb5 37. Kb3 Be2 38. Ka4 g6 39. Kb3 h5 40. Kc2 Bb5 41. Kd2 Ba6 42. Nxa6 bxa6 43. Kd3 Nc6 44. Nxd5 Kxd5 45. c4+ Ke6 46. d5+ Kd7 47. dxc6+ Kxc6 48. Kd4 h4 49. Kd3 Kc5 50. Kc3 d5 51. cxd5 Kxd5 52. Kd3 Kc5 53. Ke4 Kb5 54. Ke5 Kxa5 55. Kf6 Kb5 56. Kxg6 a5 57. Kxg5 a4 58. Kxh4 a3 59. f4 a2 60. f5 a1Q 61. g4 Qf6+ 62. Kh5 Kc6 63. h4 Kd6 64. g5 Qxf5 65. Kh6 Qf8+ 66. Kh7 Qf4 67. g6 Qxh4+ 68. Kg8 Ke7 69. g7 Qg5 0-1

[Event "BCF-chT 0708 (4NCL)"]
[Site "Sunningdale"]
[Date "2008.01.13"]
[Round "6.7"]
[White "Churm, Rohan"]
[Black "Ferguson, Mark"]
[Result "0-1"]
[WhiteElo "2189"]
[BlackElo "2412"]
[PlyCount "110"]
[EventDate "2007.09.15"]
[EventType "team-tourn"]
[EventRounds "11"]
[EventCountry "ENG"]
[SourceTitle "EXT 2008"]
[Source "ChessBase"]
[SourceDate "2007.11.25"]
[SourceVersion "1"]
[SourceVersionDate "2007.11.25"]
[SourceQuality "1"]
[WhiteTeam "Cambridge"]
[BlackTeam "Barbican"]
[WhiteTeamCountry "ENG"]
[BlackTeamCountry "ENG"]

1. e4 e5 2. Nf3 Nc6 3. Bb5 a6 4. Ba4 Nf6 5. 0-0 Be7 6. Re1 b5 7. Bb3 d6 8. c3 0-0 9. h3 Na5 10. Bc2 c5 11. d4 Qc7 12. Nbd2 Bd7 13. Nf1 Nc4 14. b3 Nb6 15. Ne3 g6 16. Qe2 Rfe8 17. dxe5 dxe5 18. c4 Bf8 19. g4 Bc6 20. Nd5 Bxd5 21. cxd5 c4 22. bxc4 Nxc4 23. Bd3 Bb4 24. Rd1 Bc3 25. Rb1 Nd6 26. Ba3 Nb7 27. Ne1 Qa5 28. Nc2 Rac8 29. Bb4 Bxb4 30. Nxb4 Nc5 31. Rb2 Nxd3 32. Qxd3 Rc4 33. Nc6 Qa4 34. f3 Nd7 35. Rb3 Qxa2 36. Ra3 Qb2 37. Qe3 Rc2 38. Rb3 Rg2+ 39. Kf1 Qc2 40. Rc1 Rf2+ 41. Kg1 Rg2+ 42. Kf1 Qa2 43. Ra3 Qb2 44. Rb3 Rf2+ 45. Kg1 Rxf3 46. Qxf3 Qxc1+ 47. Kg2 Kg7 48. Qf2 Qc4 49. Rb4 Qc3 50. g5 Qc1 51. h4 h6 52. gxh6+ Qxh6 53. Rb1 Qh5 54. Kh3 Rh8 55. Rf1 g5 0-1

[Event "BCF-chT 0708 (4NCL)"]
[Site "Sunningdale"]
[Date "2008.01.12"]
[Round "5.5"]
[White "Webb, Laurence"]
[Black "Churm, Rohan"]
[Result "0-1"]
[WhiteElo "2289"]
[BlackElo "2189"]
[PlyCount "90"]
[EventDate "2007.09.15"]
[EventType "team-tourn"]
[EventRounds "11"]
[EventCountry "ENG"]
[SourceTitle "EXT 2008"]
[Source "ChessBase"]
[SourceDate "2007.11.25"]
[SourceVersion "1"]
[SourceVersionDate "2007.11.25"]
[SourceQuality "1"]
[WhiteTeam "Betsson.com"]
[BlackTeam "Cambridge"]
[WhiteTeamCountry "ENG"]
[BlackTeamCountry "ENG"]

1. e4 e6 2. d4 d5 3. e5 c5 4. c3 Nc6 5. Nf3 Bd7 6. Be2 f6 7. 0-0 Qc7 8. Bf4 0-0-0 9. Bg3 Qb6 10. Na3 Nge7 11. exf6 gxf6 12. Nb5 Ne5 13. Nxe5 Bxb5 14. Nf7 Be8 15. Nxh8 Bg7 16. Bg4 Bxh8 17. Re1 f5 18. Bh5 Bd7 19. dxc5 Qxb2 20. Bh4 Nc6 21. Bxd8 Nxd8 22. Re3 Qb5 23. Qd2 Qxc5 24. Rae1 Bf6 25. Rh3 Nc6 26. Bf7 Ne5 27. Qh6 Qe7 28. Bg8 Ng4 29. Qd2 h6 30. Rg3 Qe8 31. Rxg4 fxg4 32. Qxh6 Bxc3 33. Rc1 d4 34. Qg7 e5 35. Bh7 Qe6 36. Qg8+ Kc7 37. Qf8 Qd5 38. Bg8 Qe4 39. Qc5+ Bc6 40. Qe7+ Kb6 41. Qd8+ Kb5 42. a4+ Kxa4 43. Kf1 Qxg2+ 44. Ke2 Bb5+ 45. Kd1 Qf1+ 0-1

[Event "BCF-chT 0708 (4NCL)"]
[Site "Sunningdale"]
[Date "2007.09.15"]
[Round "1.6"]
[White "Snape, Ian L"]
[Black "Churm, Rohan"]
[Result "1/2-1/2"]
[WhiteElo "2261"]
[BlackElo "2178"]
[PlyCount "91"]
[EventDate "2007.09.15"]
[EventType "team-tourn"]
[EventRounds "11"]
[EventCountry "ENG"]
[SourceTitle "EXT 2008"]
[Source "ChessBase"]
[SourceDate "2007.11.25"]
[SourceVersion "1"]
[SourceVersionDate "2007.11.25"]
[SourceQuality "1"]
[WhiteTeam "The ADS"]
[BlackTeam "Cambridge"]
[WhiteTeamCountry "ENG"]
[BlackTeamCountry "ENG"]

1. c4 e5 2. Nc3 Nf6 3. Nf3 Nc6 4. g3 Bc5 5. Bg2 0-0 6. 0-0 Re8 7. d3 d6 8. Bg5 h6 9. Bxf6 Qxf6 10. Nd5 Qd8 11. e3 Bg4 12. h3 Bh5 13. g4 Bg6 14. d4 exd4 15. exd4 Bb6 16. Qd2 Be4 17. Nxb6 axb6 18. d5 Qf6 19. dxc6 Bxf3 20. cxb7 Rab8 21. Rfe1 Rxe1+ 22. Rxe1 Bxg2 23. Kxg2 Rxb7 24. Re8+ Kh7 25. Qd3+ g6 26. Qf3 Qxf3+ 27. Kxf3 Kg7 28. Ra8 b5 29. cxb5 Rxb5 30. b3 h5 31. Ra4 Kf6 32. Rc4 hxg4+ 33. hxg4 Ra5 34. a4 c5 35. Ke3 d5 36. Rc1 c4 37. bxc4 Rxa4 38. c5 Ke7 39. c6 Rc4 40. Rxc4 dxc4 41. Kd4 Kd6 42. Kxc4 Kxc6 43. g5 Kd6 44. Kd4 Ke6 45. Ke4 Kd6 46. Kd4 1/2-1/2

[Event "BCF-chT4 0607 (4NCL)"]
[Site "Sunningdale"]
[Date "2007.05.28"]
[Round "11.22"]
[White "Churm, Rohan"]
[Black "Mannion, Stephen R"]
[Result "0-1"]
[WhiteElo "2185"]
[BlackElo "2337"]
[PlyCount "84"]
[EventDate "2006.09.16"]
[EventType "team-tourn"]
[EventRounds "11"]
[EventCountry "ENG"]
[SourceTitle "EXT 2008"]
[Source "ChessBase"]
[SourceDate "2007.11.25"]
[SourceVersion "1"]
[SourceVersionDate "2007.11.25"]
[SourceQuality "1"]
[WhiteTeam "Cambridge II"]
[BlackTeam "Pandoras Box"]
[WhiteTeamCountry "ENG"]
[BlackTeamCountry "ENG"]

1. e4 e5 2. Nf3 Nc6 3. Bb5 a6 4. Ba4 Nf6 5. 0-0 Be7 6. Re1 b5 7. Bb3 d6 8. c3 0-0 9. h3 Na5 10. Bc2 c5 11. d4 Nd7 12. Nbd2 cxd4 13. cxd4 Nc6 14. Nf1 exd4 15. Nxd4 Nxd4 16. Qxd4 Ne5 17. Ne3 Bxh3 18. Nd5 Rc8 19. Qd1 Bg4 20. f3 Be6 21. Nxe7+ Qxe7 22. b3 Rc6 23. Ba3 Rfc8 24. Bd3 Qg5 25. Qe2 Ng6 26. Qf1 Nf4 27. Bc1 Rxc1 28. Raxc1 Rxc1 29. Rxc1 Nxd3 30. Rc6 Nb4 31. f4 Qd8 32. Rc3 Nxa2 33. Rg3 f6 34. Qa1 Nb4 35. Qc3 a5 36. e5 dxe5 37. fxe5 f5 38. Qc5 Qd7 39. Qb6 h6 40. Qxa5 Qd4+ 41. Kh2 f4 42. Rg6 Kf7 0-1

[Event "BCF-chT4 0506 (4NCL)"]
[Site "West Bromwich"]
[Date "2005.11.06"]
[Round "2.2"]
[White "Churm, Rohan"]
[Black "Jaunooby, Ali Reza"]
[Result "0-1"]
[WhiteElo "2166"]
[BlackElo "2160"]
[PlyCount "78"]
[EventDate "2005.11.05"]
[EventType "team-tourn"]
[EventRounds "11"]
[EventCountry "ENG"]
[SourceTitle "CBM 109 Extra"]
[Source "ChessBase"]
[SourceDate "2006.01.03"]
[SourceVersion "2"]
[SourceVersionDate "2006.01.03"]
[SourceQuality "1"]
[WhiteTeam "Cambridge II"]
[BlackTeam "3CS Oldham II"]
[WhiteTeamCountry "ENG"]
[BlackTeamCountry "ENG"]

1. e4 g6 2. Nc3 Bg7 3. d4 d6 4. Nf3 a6 5. Be3 Nf6 6. h3 b5 7. a3 Bb7 8. Bd3 Nbd7 9. 0-0 c5 10. d5 c4 11. Be2 Nc5 12. Nd2 Qc7 13. f4 0-0 14. Bf3 Nfd7 15. Qe2 Qa5 16. Qf2 Bxc3 17. bxc3 Qxc3 18. Rfc1 Qg7 19. g4 e5 20. Bg2 f6 21. fxe5 fxe5 22. Qh4 Rf4 23. Bxf4 exf4 24. Qf2 Rf8 25. Re1 Qc3 26. Nf3 Nxe4 27. Qd4 Ndc5 28. Rad1 Qxc2 29. Nh4 Nf6 30. Rd2 Nb3 31. Rxc2 Nxd4 32. Rf2 Nb3 33. Re6 Nc5 34. Re7 Bxd5 35. Rd2 Bxg2 36. Nxg2 Nfe4 37. Rd4 f3 38. Ne3 f2+ 39. Kg2 c3 0-1